Welcome to the official i-CATS University College Library system. If you are a new user, please contact our librarian for registration.

Introduction to Instrumentation and Measurements. (Record no. 2965)

MARC details
000 -LEADER
fixed length control field 03329nam a22004813i 4500
001 - CONTROL NUMBER
control field EBC1609198
003 - CONTROL NUMBER IDENTIFIER
control field MiAaPQ
005 - DATE AND TIME OF LATEST TRANSACTION
control field 20260623093404.0
006 - FIXED-LENGTH DATA ELEMENTS--ADDITIONAL MATERIAL CHARACTERISTICS
fixed length control field m o d |
007 - PHYSICAL DESCRIPTION FIXED FIELD--GENERAL INFORMATION
fixed length control field cr cnu||||||||
008 - FIXED-LENGTH DATA ELEMENTS--GENERAL INFORMATION
fixed length control field 260525s2014 xx o ||||0 eng d
020 ## - INTERNATIONAL STANDARD BOOK NUMBER
International Standard Book Number 9781466596795
Qualifying information (electronic bk.)
020 ## - INTERNATIONAL STANDARD BOOK NUMBER
Canceled/invalid ISBN 9781466596771
035 ## - SYSTEM CONTROL NUMBER
System control number (MiAaPQ)EBC1609198
035 ## - SYSTEM CONTROL NUMBER
System control number (Au-PeEL)EBL1609198
035 ## - SYSTEM CONTROL NUMBER
System control number (CaPaEBR)ebr11167243
035 ## - SYSTEM CONTROL NUMBER
System control number (OCoLC)908078990
040 ## - CATALOGING SOURCE
Original cataloging agency MiAaPQ
Language of cataloging eng
Description conventions rda
-- pn
Transcribing agency MiAaPQ
Modifying agency MiAaPQ
050 #4 - LIBRARY OF CONGRESS CALL NUMBER
Classification number TK7870
082 0# - DEWEY DECIMAL CLASSIFICATION NUMBER
Classification number 621.3815/48
100 1# - MAIN ENTRY--PERSONAL NAME
Personal name Northrop, Robert B.
245 10 - TITLE STATEMENT
Title Introduction to Instrumentation and Measurements.
250 ## - EDITION STATEMENT
Edition statement 3rd ed.
264 #1 - PRODUCTION, PUBLICATION, DISTRIBUTION, MANUFACTURE, AND COPYRIGHT NOTICE
Place of production, publication, distribution, manufacture Milton :
Name of producer, publisher, distributor, manufacturer Taylor & Francis Group,
Date of production, publication, distribution, manufacture, or copyright notice 2014.
264 #4 - PRODUCTION, PUBLICATION, DISTRIBUTION, MANUFACTURE, AND COPYRIGHT NOTICE
Date of production, publication, distribution, manufacture, or copyright notice �2014.
300 ## - PHYSICAL DESCRIPTION
Extent 1 online resource (928 pages)
336 ## - CONTENT TYPE
Content type term text
Content type code txt
Source rdacontent
337 ## - MEDIA TYPE
Media type term computer
Media type code c
Source rdamedia
338 ## - CARRIER TYPE
Carrier type term online resource
Carrier type code cr
Source rdacarrier
341 0# - ACCESSIBILITY CONTENT
Textual assistive features No reading system accessibility options actively disabled
Source onix
341 0# - ACCESSIBILITY CONTENT
Textual assistive features Appearance of all textual content can be modified
Source onix
505 0# - FORMATTED CONTENTS NOTE
Formatted contents note Front Cover -- Contents -- Preface -- Author -- Chapter 1: Measurement Systems -- Chapter 2: Analog Signal Conditioning in Instrumentation -- Chapter 3: Noise and Coherent Interference in Measurements -- Chapter 4: DC Null Methods of Measurement -- Chapter 5: AC Null Measurements -- Chapter 6: Survey of Sensor Mechanisms -- Chapter 7: Applications of Sensors to Physical Measurements -- Chapter 8: Basic Electrical Measurements -- Chapter 9: Digital Interfaces in Measurement Systems -- Chapter 10: Introduction to Digital Signal Conditioning in Instrumentation -- Chapter 11: Solid-State Chemical Microsensors and Wireless Instrumentation -- Chapter 12: Introduction to Mechanical Microsensors -- Chapter 13: Examples of the Design of Measurement Systems -- Glossary -- References -- Back Cover.
520 ## - SUMMARY, ETC.
Summary, etc. A substantial revision of a text for a standard instrumentation and measurements course taught in many departments of electrical engineering as well as bioengineering, biophysics, and applied physics, this third edition is fully updated to incorporate the latest developments in instrumentation and include new problems and examples. Ideal for upper division and graduate students requiring an overview of instrumentation, the book features two new chapters on wireless instrumentation and microsensors, new material on the design of micro-electro-mechanical (MEMS) sensors, and extensive biomedical examples and problems.
532 8# - ACCESSIBILITY NOTE
Summary of accessibility Publisher contact for further accessibility information: ebookqueries@tandf.co.uk
588 ## - SOURCE OF DESCRIPTION NOTE
Source of description note Description based on publisher supplied metadata and other sources.
590 ## - LOCAL NOTE (RLIN)
Local note Electronic reproduction. Ann Arbor, Michigan : ProQuest Ebook Central, 2026. Available via World Wide Web. Access may be limited to ProQuest Ebook Central affiliated libraries.
650 #0 - SUBJECT ADDED ENTRY--TOPICAL TERM
Topical term or geographic name entry element Electronic measurements.
655 #4 - INDEX TERM--GENRE/FORM
Genre/form data or focus term Electronic books.
776 08 - ADDITIONAL PHYSICAL FORM ENTRY
Relationship information Print version:
Main entry heading Northrop, Robert B.
Title Introduction to Instrumentation and Measurements
Place, publisher, and date of publication Milton : Taylor & Francis Group,c2014
International Standard Book Number 9781466596771
797 2# - LOCAL ADDED ENTRY--CORPORATE NAME (RLIN)
Corporate name or jurisdiction name as entry element ProQuest (Firm)
856 40 - ELECTRONIC LOCATION AND ACCESS
Uniform Resource Identifier <a href="https://ebookcentral-proquest-com.mlisicats.remotexs.co/lib/ppks/detail.action?docID=1609198">https://ebookcentral-proquest-com.mlisicats.remotexs.co/lib/ppks/detail.action?docID=1609198</a>
Public note Click to View
942 ## - ADDED ENTRY ELEMENTS (KOHA)
Source of classification or shelving scheme Library of Congress Classification
Koha item type E-Book

No items available.